Integrácia uplatňovaného systému ISO 9001 a nových požiadaviek ISO 14001 v podmienkach Brezno industry, s.r.o.

Salvato in:
Dettagli Bibliografici
Autore principale: Sihelská, Mária, 1964- (Autore)
Altri autori: Blahút, Stanislav, 1946- (xxx)
Natura: Manoscritto Libro
Lingua:slovacco
Pubblicazione: STU v Bratislave MTF UBEI, 2010
Soggetti:
Accesso online:VAIS
Tags: Aggiungi Tag
Nessun Tag, puoi essere il primo ad aggiungerne!!

MARC

LEADER 00000ntm a22000003a 4500
001 stu206693
005 20200827150223.0
008 100708s2010------------------------slo-d
040 |a STU  |b slo 
041 0 |a slo 
100 1 |a Sihelská, Mária,  |d 1964-  |4 aut  |X 37932  |7 A000037932 
242 0 0 |a Integration of applied system ISO 9001 and new requirements ISO 14001 in conditions of Brezno industry, Ltd.  |y eng 
245 1 |a Integrácia uplatňovaného systému ISO 9001 a nových požiadaviek ISO 14001 v podmienkach Brezno industry, s.r.o. 
260 |b STU v Bratislave MTF UBEI,  |c 2010 
650 7 |a environment  |2 stusub 
650 7 |a environment  |2 stusub 
650 7 |a systém environmentálneho manažérstva  |2 stusub 
700 1 |a Blahút, Stanislav,  |d 1946-  |4 xxx  |X 73766  |7 A000073766 
856 4 |a info a plný text  |u http://is.stuba.sk/zp/portal_zp.pl?podrobnosti=72627  |3 VAIS 
996 |c M*BP-4982  |l MMSKP  |s P  |a 0  |w stu206693_0001